"İnsaniyetleri benzer..." : (Record no. 12633)

MARC details
000 -BAŞLIK
Sabit Uzunlukta Kontrol Alanı 00885nam a22002657a 4500
999 ## - SİSTEM KONTROL NUMARALARI (KOHA)
Koha Biblionumber 12633
Koha Biblioitemnumber 12633
003 - KONTROL NUMARASI IDENTIFIER
Denetim Alanı MIRAKIL
005 - SON İŞLEM TARİHİ VE ZAMANI
Denetim Alanı 20190128173614.0
008 - SABİT-BOY VERİ ELEMANLARI - GENEL BİLGİLER
Sabit Uzunlukta Kontrol Alanı 190128b tu ||||| |||| 00| 0 tur d
020 ## - ULUSLARARASI STANDART KİTAP NUMARASI
Uluslararası Standart Kitap Numarası 9789750502835
040 ## - KATALOGLAMA KAYNAK
Orijinal Kataloglama Ajansı TR-AnCHP
Metne Dönüştürmek Ajansı TR-AnCHP
041 ## - DİL KODU
Metin / Ses Parça Veya Ayrı Başlığın Dil Kodu tur
082 ## - DEWEY ONLU SINIFLANDIRMA NUMARASI
Sınıflandırma Numarası 305.800956423
Ürün Numarası D63i 2005
100 ## - ANA GİRİŞ - KİŞİSEL İSİM
Kişisel Ad Doğruel, Fulya
245 10 - BAŞLIK TABLOSU
Başlık "İnsaniyetleri benzer..." :
Başlığın Kalan Hatay'da çoketnili ortak yaşam
Sorumluluk Tablosu, Vb Fulya Doğruel
246 ## - UNVAN FORM VARYING
Başlık Doğru / Kısa Başlığı Hatay'da çoketnili ortak yaşam
260 ## - YAYIN, DAĞITIM, VB
Yayın, Dağıtım, Vb Yeri İstanbul :
Yayıncı, Dağıtıcı, Vs Adı İletişim yayınları,
Yayın, Dağıtım, Vb Tarihi 2005.
300 ## - FİZİKSEL TANIM
Kapsam 284 s. :
Diğer Fiziksel Ayrıntıları fotğ. ;
Boyutlar 20 sm.
490 0# - SERİSİ TABLOSU
Seri Beyanı İletişim yayınları ;
Hacim / Ardışık Tanımı 1067.
490 0# - SERİSİ TABLOSU
Seri Beyanı Memleket kitapları ;
Hacim / Ardışık Tanımı 150.
504 ## - KAYNAKÇA VB NOT
Kaynakça Vb Notu Kaynakça vardır.
650 #0 - KONU KATMA GİRİŞ - TOPİKAL DÖNEM
9 (RLIN) 330
Topikal Süreli Veya Coğrafi Ad Giriş Elemanı Çok kültürlülük
Coğrafi Alt Bölümü Hatay, Türkiye
650 #0 - KONU KATMA GİRİŞ - TOPİKAL DÖNEM
9 (RLIN) 5077
Topikal Süreli Veya Coğrafi Ad Giriş Elemanı Etnik yapı
Coğrafi Alt Bölümü Hatay, Türkiye
740 ## - KATMA GİRİŞ - KONTROLSUZ İLGİLİ / ANALİTİK BAŞLIK
Kontrol Edilmeyen / İlgili Analitik Başlıktaki Hatay'da çoketnili ortak yaşam
942 ## - EKLENDİ GİRİŞ ELEMANLARI (KOHA)
Sınıflandırma Veya Raf Düzeni Kaynak Dewey Decimal Classification
Koha Öğesi Türü Books
Holdings
Kalıcı Konum Mevcut Konum Edinme Tarihi Edinim Kaynak Toplam Check-Out'Lar Toplam Yenileme Tam Çağrı Numarası Barkod Tarih Son Görülme Tarihi Geçen Teslim İtibaren Geçerli Fiyatlar Sigara Kamu Notu Koha Öğesi Türü
CHP Kütüphanesi CHP Kütüphanesi 01/28/2019 Bağış 1 1 305.800956423 D63i 2005 018740 04/07/2023 02/16/2023 01/28/2019 Ertuğrul Çepni bağışıdır. Books